000 00859nam a22002657a 4500
001 000449
003 DO-SdBNP
005 20171109093804.0
007 000449
008 160831b 2006 ag a ||||| |||| 00| 0 spa d
020 _a9879418735
040 _aBPMSU
_bspa
_cBPMSU
082 4 _a371.33
_bF189c
100 1 _aFalieres, Nancy
245 1 0 _aCómo enseñar con las nuevas tecnologías en la escuela de hoy /
_cNancy E. Falieres ; ilustraciones Jorge Alberto Mercado
260 _aBuenos Aires :
_bCirculo Latino Austral,
_c2006.
300 _a384 p. :
_bil. ;
_c28 cm.
650 4 _aTECNOLOGÍA EDUCATIVA
650 4 _aPEDAGOGÍA
700 1 2 _aMercado, Jorge Alberto
_eil.
910 _aValidado. Control de calidad MFF
942 _2ddc
_cBK
945 _aInventariado extranjero / 2017 VM
956 _2LOPEREZ
_310
_620160831
_8BPMSU
_a00041
999 _c11241
_d11241